| 000 | 00000nam##2200000za#4500 |
| 001 | 9.641062 |
| 003 | CaOODSP |
| 005 | 20250506145323 |
| 007 | cr ||||||||||| |
| 008 | 150407|1992||||xxc|||||o f|0| 0 fre|d |
| 040 | |aCaOODSP|bfre |
| 043 | |an-cn--- |
| 086 | 1 |aA63-1886/1992F-PDF |
| 110 | 1 |aCanada.|bAgriculture Canada. |
| 245 | 10|aMoutons DLS et Arcott : |h[ressource électronique]|bnouvelles races canadiennes / |c[par] M. H. Fahmy et J. N. B. Shrestha. |
| 260 | |aOttawa - Ontario : |bAgriculture Canada |cc1992. |
| 300 | |a32p.|btableaux, photographies |
| 500 | |aPublication historique numérisée par Agriculture et Agroalimentaire Canada. Le n° de catalogue (A63-1886/1992F) et l'ISBN (0-662-97760-2) de l'édition imprimée ont été copiés dans l'édition électronique. |
| 590 | |a12-43-Supp|b2012-12-07 |
| 691 | 07|aMouton|2gcpds |
| 775 | 08|tDLS and Arcott sheep : |w(CaOODSP)9.696988 |
| 776 | 0#|tMoutons DLS et Arcott : |w(CaOODSP)9.678914 |
| 856 | 40|ahttp://publications.gc.ca|qPDF|s2.02 Mo|uhttps://publications.gc.ca/collections/collection_2012/agr/A63-1886-1992-fra.pdf |
| 986 | |aPublication 1886F |